| 000 | 00429cam a2200169ua 4500 | ||
|---|---|---|---|
| 020 | _c$ 4.96 | ||
| 041 |
_aeng _h |
||
| 082 |
_a624.15136 _bGUS/US |
||
| 100 | _aGustafsom, A.F . | ||
| 245 |
_aUsing and managing soils / _cA.F.Gustafsom. _hTextual Documents |
||
| 260 |
_aNew York : _bMcGraw Hill Book Company , _c1948. |
||
| 300 | _a420 ; . | ||
| 365 | _a$ 4.96 | ||
| 504 | _a | ||
| 942 | _cBK | ||
| 999 |
_c10092 _d10092 |
||